000 00228nam a2200097Ia 4500
005 20251222114413.0
008 251222s1900||||xx |||||||||||||| ||spa||
082 _aDVD0070/R96/2010
245 4 _aThe fighter:El luchador
942 _cDVD
999 _c2127
_d2127